| 000 | 00848nam a2200253Ia 4500 | ||
|---|---|---|---|
| 003 | OSt | ||
| 005 | 20220923222218.0 | ||
| 006 | a|||||r|||| 00| 0 | ||
| 007 | ta | ||
| 008 | NEP | ||
| 024 | _a203,761 | ||
| 037 | _cTextual | ||
| 040 |
_aARTS _cARTS _bNEP |
||
| 041 |
_2NEP _aNEP |
||
| 082 | _aO1595vN5, 152L4 | ||
| 100 | _aशरण, दीनानाथ, उपनाम् | ||
| 245 | 0 | _aनेपाली साहित्य का इतिहास | |
| 246 | _aNepālī sāhitya kā itihāsa | ||
| 260 |
_aपटना _b बिहार हिंदी ग्रंथ अकादमी _c1974 |
||
| 300 |
_a483पृ0 _ccm. |
||
| 650 |
_aनेपाली साहित्य _9156264 |
||
| 942 |
_hO1595vN5, 152L4 _cTEXL _2CC |
||
| 999 |
_c354511 _d354511 |
||